Pick a 'Chu' Quiz Stats

 Plays Quiz Updated Jul 16, 2018

Also try: Finding '-mo'
Challenge
Share
Tweet
Embed
Score 0/24 Timer 03:00
5 Plays Today
% Correct
Chuckle
91.7%
Churchill
91.5%
Chubby
91.1%
Chug
89.7%
Church
89.3%
Chuck
88.2%
Churn
88%
Chunnel
88%
Chum
84.7%
Churro
84.5%
Chutney
82.4%
Chump
81.7%
% Correct
Chute
80.6%
Chupacabra
77.9%
Chutzpah
76.4%
Chunk
75.5%
Chuffed
73.8%
Chula
64.2%
Churrasco
62.5%
Chumlee
59.9%
Chuppah
56.7%
Chukka
46.4%
Churl
40.9%
Chunder
37.1%

You're not logged in!

Compare scores with friends on all Sporcle quizzes.
OR
Log In

You Might Also Like...

Show Comments

Extras

Top Quizzes Today


Score Distribution

Your Account Isn't Verified!

In order to create a playlist on Sporcle, you need to verify the email address you used during registration. Go to your Sporcle Settings to finish the process.

Report this User

Report this user for behavior that violates our Community Guidelines.

Details: